| 000 | 00736nam a22001337a 4500 | ||
|---|---|---|---|
| 040 | _cRUA | ||
| 082 | _aAGR SRE 2012 B051 Or.1 | ||
| 100 | _aSRENG, BUNSOK. | ||
| 245 | _aEffect of spraying insecticide to control brown planthopper on natural enemies population in rice ecosystem ឥទ្ធិពលនៃការបាញ់សម្លាប់សត្វមមាចត្នោតលើប្រជាករសត្វមានប្រយោជន៍ក្នុងប្រព័ន្ធបរិស្ថានដំណាំស្រូវ | ||
| 260 |
_aPhnom Penh _bRUA _c2012 |
||
| 300 |
_axi; 53p. _bill. _c29cm. |
||
| 856 | _uhttps://drive.google.com/file/d/1x3k-3FdQmDBRlJT1xKv7BDCY9XMX9QAH/view?usp=sharing | ||
| 942 | _cAGR | ||
| 999 |
_c1181 _d1181 |
||